LEADER 01459nam0 2200301 450 001 000035823 005 20180619114226.0 100 $a20140128d1963----km-y0itaa50------ba 101 0 $aita 102 $aIT 200 1 $aAppunti per gli allievi dei corsi di qualificazione sulla pratica irrigua$fCassa per opere straordinarie di pubblico interesse nell'Italia meridionale 210 $aRoma$c[s.n.]$d1963 215 $a113 p.$cill.$d24 cm. 316 $aSulla pagina precedente il frontespizio dell'esemplare FVig/T41226: Gioacchino Viggiani 8 febbraio 1964 606 1 $aIrrigazione$xTesti scolastici 676 $a333.913$v(22. ed.)$9Economia della terra (economia fondiaria) e dell'energia. Acqua per l'irrigazione 712 02$aCassa per opere straordinarie di pubblico interesse nell'Italia meridionale 801 0$aIT$bUniversità della Basilicata - B.I.A.$gREICAT$2unimarc 912 $a000035823 996 $aAppunti per gli allievi dei corsi di qualificazione sulla pratica irrigua$9101978 997 $aUNIBAS CAT $aSTD094$b01$c20140128$lBAS01$h1131 CAT $aTTM$b30$c20140303$lBAS01$h1352 CAT $aBATCH-UPD$b30$c20141215$lBAS01$h1721 CAT $aBATCH-UPD$b30$c20170529$lBAS01$h1409 CAT $aATR$b20$c20180619$lBAS01$h1142 FMT Z30 -1$lBAS01$LBAS01$mBOOK$1BASA2$APolo Tecnico-Scientifico$2FVIG$BFondo Viggiani$3FVig/41226$641226$5T41226$7Collocato presso la Scuola di Agraria$820140128$f35$FStanza riservata LEADER 02484nam0 2200493 i 450 001 TO01052579 005 20251003044409.0 010 $a8884901189 020 $aIT$b2002-4728 100 $a20020430d2002 ||||0itac50 ba 101 | $aita 102 $ait 181 1$6z01$ai $bxxxe 182 1$6z01$an 200 1 $aˆIl ‰futuro incerto$eglobalizzazione e nuova resistenza$fWalden Bello$gprefazione a cura di Anuradha Mittal$gtraduzione di Raffaella Patriarca 210 $aMilano$cBaldini & Castoldi$d\2002! 215 $a364 p.$d24 cm. 225 | $aˆI ‰saggi$v196 410 0$1001CFI0265114$12001 $aˆI ‰saggi$v196 500 10$aˆThe ‰future in the balance.$3RAV0823085$9VEAV047750$915856 606 $aEconomia mondiale$2FIR$3CFIC040544$9E 606 $aGlobalizzazione$2FIR$3LO1C441337$9E 676 $a306.3$9ISTITUZIONI ECONOMICHE$v12 676 $a337$9ECONOMIA INTERNAZIONALE$v20 676 $a337$9ECONOMIA INTERNAZIONALE$v21 676 $a337.0904$9ECONOMIA INTERNAZIONALE. Sec. 20.$v19 676 $a337.0904$9ECONOMIA INTERNAZIONALE. Sec. 20.$v21 676 $a337.09049$9ECONOMIA INTERNAZIONALE. 1990-1999$v21 696 $aMondializzazione 699 $aGlobalizzazione$yMondializzazione 700 1$aBello$b, Walden$3VEAV047750$4070$0288990 702 1$aPatriarca$b, Raffaella$3RAVV271409 702 1$aMittal$b, Anuradha$3UBOV592520 801 3$aIT$bIT-000000$c20020430 850 $aIT-BN0095 $aIT-AV0007 $aIT-NA0079 $aIT-NA0070 901 $bNAP BN$cMAGAZZINO $nmagazzini correnti divisi per anni 901 $bNAP BU$c4 B $nPropedeutica. Formato cm. 20,1-28. 901 $bNAP AV$cSEZ. M $nSezione Moderna 901 $bNAP 01$cPOZZO LIB.$nVi sono collocati fondi di economia, periodici di ingegneria e scienze, periodici di economia e statistica e altri fondi comprendenti documenti di economia pervenuti in dono. 912 $aTO01052579 950 0$aBiblioteca Centralizzata di Ateneo$c1 v. in due copie$d 01POZZO LIB.ECON MON 4760$e 01C 0008008605E VMA 1 v. (Precedente collocazione: EC C 000 860)$fB $h20130318$i20130318$c1 v. in due copie$d 01POZZO LIB.ECON MON 4760$e 01C 0008008615E VMA (bis 1 v. (2. copia. - Precedente collocazione: EC C 000 861)$fB $h20130318$i20130318 977 $a 01$a AV$a BN$a BU 996 $aFuture in the balance$915856 997 $aUNISANNIO